| 000 | 00467nam a22001217a 4500 | ||
|---|---|---|---|
| 008 | 230405b |||||||| |||| 00| 0 eng d | ||
| 040 |
_aNational Science Library _cNational Science Library |
||
| 080 |
_a061.2(100) _bJ9 |
||
| 245 |
_aStatutes of the international council of scientific unions and of the unions federated in the council _c/ The Secretary-General of ICSU, |
||
| 260 |
_aLondon: _bThe Secretary-General of ICSU, |
||
| 300 | _a124p. | ||
| 942 |
_2udc _cREP |
||
| 999 |
_c18538 _d18538 |
||